Vybrané ukazatele za předškolní, školní a mimoškolní zařízení v ČSSR, ČSR a SSR ve školním roce 1984/1985

Enregistré dans:
Détails bibliographiques
Format: Livre
Langue:tchèque
Publié: Praha Ústav školských informací při Ministerstvu školství ČSR 1985
Tags: Ajouter un tag
Pas de tags, Soyez le premier à ajouter un tag!

MARC

LEADER 00000nam a2200000 4500
001 c107462
005 20250917094904.3
041 0 |a cze 
044 |a CZ 
245 1 0 |a Vybrané ukazatele za předškolní, školní a mimoškolní zařízení v ČSSR, ČSR a SSR ve školním roce 1984/1985 
264 1 |a Praha  |b Ústav školských informací při Ministerstvu školství ČSR  |c 1985 
300 |a 58 s.